000 00439nam a22001817a 4500
003 CEME
005 20210628203213.0
008 210301b xxu||||| |||| 00| 0 eng d
020 _a0-8031-2610-7
040 _c.
082 _a629.25 ENG
100 _aBeal, Roy E
_962047
245 _aEngine coolant testing,fourth volume
260 _aUSA
_bASTM
_c1999
300 _aVII,430P
650 _aCOOLANT TESTING
_963949
942 _cBK
_2ddc
999 _c572627
_d572627